It looks like you're offline.
Open Library logo
additional options menu

MARC record from Internet Archive

LEADER: 01690cam a22002414a 4500
001 2004016933
003 DLC
005 20050728092449.0
008 040720s2005 ilua b 001 0 eng
010 $a 2004016933
020 $a0736044655 (soft cover)
040 $aDLC$cDLC$dDLC
042 $apcc
050 00 $aGV791$b.R66 2005
082 00 $a797.123$222
245 00 $aRowing faster /$cVolker Nolte, editor.
260 $aChampaign, IL :$bHuman Kinetics,$cc2005.
300 $aviii, 294 p. :$bill. ;$c26 cm.
504 $aIncludes bibliographical references (p. 275-283) and index.
505 0 $aThe art of rowing / Volker Nolte -- Rowing physiology / Ulrich Hartmann and Alois Mader -- Monitoring athletes' physiology / Kurt Jensen -- Managing rowers' medical concerns / Richard Backus and Kristine Karlson -- Developing an aerobic base / Marty Aitken -- Improving anaerobic threshold / Wolfgang Fritsch -- Sprint and speed work / Declan A.J. Connolly -- Building strength / Ed McNeely -- Designing your training plan / Ed McNeely -- Rowing biomechanics / Margaret McBride -- Rigging / Volker Nolte -- Bladework / Mike Spracklen -- The catch / Brian Richardson -- Leg drive / Richard Tonks -- Recovery / Volker Nolte -- Inside the rower's mind / Volker Lippens -- Ergometer technique / Larry Gluckman -- Technology for technique improvement / Valery Kleshnev -- Selecting athletes and crews / Thor Nilsen -- Setting race plans and tactics / Mike Teti and Volker Nolte -- Relaxing and focusing on race day / James Joy -- Coxing / Lesley Thompson-Willie.
650 0 $aRowing.
700 1 $aNolte, Volker,$d1952-
856 41 $3Table of contents$uhttp://www.loc.gov/catdir/toc/ecip0420/2004016933.html